| 000 | 01469nam a2200445Ii 4500 | ||
|---|---|---|---|
| 001 | DIGEDIUOC787 | ||
| 003 | NyNyDIG | ||
| 006 | m o d | ||
| 007 | cr ||||||||||| | ||
| 008 | 220315s2015 sp ob 000 0 spa d | ||
| 035 | _a(OCoLC)953658566 | ||
| 040 |
_aDGITA _beng _erda _epn _cDGITA |
||
| 020 |
_a9788490644393 _qeBook _qpdf |
||
| 020 |
_a9788490644386 _qeBook _qePub |
||
| 050 | 1 | 4 | _aBX4891.2 ebook |
| 082 | 0 | 4 | _a272.3 |
| 100 | 1 |
_aDalmau, Antoni, _d1951- _eauthor. |
|
| 245 | 1 | 4 |
_aLos cátaros / _cAntoni Dalmau Ribalta. |
| 250 | _aPrimera edición en en lengua castellana. | ||
| 264 | 1 |
_aBarcelona : _bEditorial UOC, _c[2015] |
|
| 300 | _a1 online resource. | ||
| 336 |
_atext _btxt _2rdacontent |
||
| 337 |
_acomputer _bc _2rdamedia |
||
| 338 |
_aonline resource _bcr _2rdacarrier |
||
| 347 |
_atext file _2rdaft |
||
| 347 | _bPDF | ||
| 490 | 1 | _aQuiero saber | |
| 504 | _aIncludes bibliographical references. | ||
| 588 | 0 | _aOnline resource; title from PDF title page (Digitalia, viewed March 15, 2022) | |
| 650 | 0 | _aAlbigenses. | |
| 650 | 0 | _aManichaeism. | |
| 650 | 0 | _aChristian heresies. | |
| 655 | 0 | _aElectronic books. | |
| 791 | 2 |
_aDigitalia (Firm), _edistributor. |
|
| 793 | 0 |
_gDigitalia eBook Collection: _aUniversitat Oberta de Catalunya |
|
| 830 | 0 | _aQuiero saber (Editorial UOC) | |
| 856 | 4 | 0 |
_3Digitalia Hispánica _uhttps://www.digitaliapublishing.com/a/44002/ |
| 910 | _aPremium collection: 2022 | ||
| 942 | _cRAA | ||
| 999 |
_c248346 _d248346 |
||